000
00299nam a22001337a 4500
008
181020b xxu||||| |||| 00| 0 eng d
020
_a
053402789
041
_a
eng
080
_a
201
100
_a
24
101
_a
TEO
245
_a
Religion: North American Style
_c
McNamara, P.H
942
_2
udc
_c
BK
999
_c
50330
_d
50330